| 000 | 00519nam a22001457a 4500 | ||
|---|---|---|---|
| 082 |
_aT-194 _bT-194 _cNUST 201361644MMCE15513F |
||
| 100 |
_aMuhammad Tahir _948574 |
||
| 245 |
_aImpact of training and motivation on human resource performance in construction industry of Pakistan _bMaster of Science in CEM _cMuhammad Tahir |
||
| 260 |
_aMCE Risalpur Cantt. _bNUST. _c2015 |
||
| 300 |
_axii,71p. _bill.; _eCD. |
||
| 526 |
_a0 _b0 _c0 _dT_194 |
||
| 650 |
_aCEM _950891 |
||
| 700 |
_aSarfraz Ahmed Dr. _950892 |
||
| 942 |
_2ddc _cBK |
||
| 999 |
_c553628 _d553628 |
||